Green house operation and management (Record no. 36736)

MARC details
000 -LEADER
fixed length control field 00337nam a2200133Ia 4500
082 ## - DEWEY DECIMAL CLASSIFICATION NUMBER
Classification number 631.234
Item number NEL
100 ## - MAIN ENTRY--AUTHOR NAME
Personal name NELSON, Paul V
245 #0 - TITLE STATEMENT
Title Green house operation and management
250 ## - EDITION STATEMENT
Edition statement Ed.2
260 ## - PUBLICATION, DISTRIBUTION, ETC. (IMPRINT)
Place of publication Virginia
Name of publisher Reston
Year of publication 1981
650 ## - SUBJECT ADDED ENTRY--TOPICAL TERM
Topical Term Greenhouse operation
942 ## - ADDED ENTRY ELEMENTS (KOHA)
Koha item type Books
Holdings
Withdrawn status Lost status Damaged status Not for loan Home library Current library Date acquired Full call number Accession Number Koha item type
        RRII Library RRII Library 16/12/2021 631.234 NEL 17137 Books